RETAIL MANAGEMENT (Record no. 20694)

MARC details
000 -LEADER
fixed length control field 00388nam a2200145Ia 4500
005 - DATE AND TIME OF LATEST TRANSACTION
control field 20250409181442.0
008 - FIXED-LENGTH DATA ELEMENTS--GENERAL INFORMATION
fixed length control field 250409s9999||||xx |||||||||||||| ||und||
020 ## - INTERNATIONAL STANDARD BOOK NUMBER
International Standard Book Number 978-0-19-566986-2
100 ## - MAIN ENTRY--PERSONAL NAME
Personal name CHETAN BAJAJ ,RAJNISH TULI AND NIDHI SRIVASTAVA
245 #0 - TITLE STATEMENT
Title RETAIL MANAGEMENT
260 ## - PUBLICATION, DISTRIBUTION, ETC.
Name of publisher, distributor, etc. OXFORD UNIVERSITY PRESS
Place of publication, distribution, etc. NEW DELHI
300 ## - PHYSICAL DESCRIPTION
Extent 698
650 ## - SUBJECT ADDED ENTRY--TOPICAL TERM
Form subdivision Management
942 ## - ADDED ENTRY ELEMENTS (KOHA)
Koha item type BOOK
Holdings
Withdrawn status Lost status Damaged status Not for loan Collection Home library Current library Shelving location Date acquired Total checkouts Full call number Barcode Date last seen Price effective from Koha item type
        Management St.Dominics College Library St.Dominics College Library General Stack 04/09/2025   658.87 BAJ 29757 04/09/2025 04/09/2025 BOOK